00000000nam 2200000zi 4500
0019.945359
003CaOODSP
00520250121141323
006m     o  d f      
007cr cn|||||||||
008241120t20252025onc     obs  f000 0 eng d
020 |a9780660745824
040 |aCaOODSP|beng|erda|cCaOODSP
043 |an-cn---
0861 |aCS91-520/2025-1E-PDF
24500|aPopulation projections for Canada (2024 to 2074), provinces and territories (2024 to 2049).
264 1|a[Ottawa] : |bStatistics Canada = Statistique Canada, |cJanuary 21, 2025.
264 4|c©2025
300 |a1 online resource (7 pages)
336 |atext|btxt|2rdacontent
337 |acomputer|bc|2rdamedia
338 |aonline resource|bcr|2rdacarrier
500 |aCover title.
500 |aIssued also in French under title: Projections démographiques pour le Canada (2024 à 2074), les provinces et les territoires (2024 à 2049).
504 |aIncludes bibliographical references.
520 |a"Population projections for Canada, provinces and territories are periodically updated to reflect recent developments in Canadian demographics, including changes in immigration targets and the effects of the COVID-19 pandemic. The most recent demographic projections have as their base population the 2024 population estimates and cover the 2024 to 2049 period at the provincial and territorial scale and the 2024 to 2074 period at the national level. This document provides a summary of the various projection scenarios and highlights of the main projection results"--Introduction, page 3.
650 0|aPopulation forecasting|zCanada|vStatistics.
651 0|aCanada|xPopulation|vStatistics.
655 7|aStatistics|2lcgft
7102 |aStatistics Canada, |eissuing body.
77508|tProjections démographiques pour le Canada (2024 à 2074), les provinces et les territoires (2024 à 2049).|w(CaOODSP)9.945360
85640|qPDF|s208 KB|uhttps://publications.gc.ca/collections/collection_2025/statcan/91-520-x2025001-eng.pdf
8564 |qHTML|sN/A|uhttps://www150.statcan.gc.ca/n1/pub/91-520-x/91-520-x2025001-eng.htm
986 |a91-520-X